000 00342nam a2200133Ia 4500
008 240624s9999 xx 000 0 und d
041 _aeng
082 _a658.40355 HAN
100 _aHANKE JOHN E
245 _aBUSINESS FORECASTING
250 _a(7th ed.)
260 _c2003
_aNew Delhi
_bPearson Education
300 _axiv, : 498 : p. : cm. ; 25
999 _c1688
_d1688